000 02432njm a2200421Ia 4500
001 82957
003 IT-RoPAU
005 20220918181118.0
008 131025s9999 xx 000 0 und d
040 _aIT-RoPAU
040 _cIT-RoPAU
041 _aBRASILIANO
999 _c99601
_d99601
999 _bn.d.
100 _aAA.VV.
_9794
100 _eAutore musica
_926230
100 _gCodice autore musica SPICS: 12000
_9796
245 _aO tempo nao para
250 _a1a ed.
260 _aBRASILE
260 _bPOLYGRAM
_c1988 [1a Ed.:1988 - Ed. Lingua Orig.: 1988]
300 _aDISCO
500 _aMusica brasiliana, folk
505 _aVida louca vida - Boas novas - Ideologia - Todo amor que houver nessa vida - Codinome beija flor - O tempo nao para - So as maes sao felizes - O nosso amor a gente inventa (estoria romantica) - Exagerado - Faz parte do meus show
650 _aMUSICA BRASILIA [DISCHI]
_eCodice MATERIA SPICS: 9950
_926231
700 _aCazuza
_gCodice interprete SPICS: 28906
_eInterprete
_926232
700 _aLabao
_gCodice autore musica SPICS: 28907
_eAutore musica
_pVida louca vida
_926233
700 _aVilena Bernardo
_gCodice autore SPICS: 28908
_eAutore
_pVida louca vida
_926234
700 _aCazuza
_gCodice autore musica SPICS: 28906
_eAutore musica
_pBoas novas - Ideologia - Todo amor que houver nessa vida - Codinome beija flor - O tempo nao para - So as maes sao felizes - O nosso amor a gente inventa - Exagerado - Faz parte do meus show
_926235
700 _aFrejat
_gCodice autore musica SPICS: 28909
_eAutore musica
_pIdeologia - Todo amor que houver nessa vida - So as maes sao felizes
_926236
700 _aArias
_gCodice autore musica SPICS: 28910
_eAutore musica
_pCodinome beija flor
_926237
700 _aNeves Ezequiel
_gCodice autore testo/musica SPICS: 28911
_eAutore testo/musica
_pCodinome beija flor - Exagerado
_926238
700 _aBrandao Arnaldo
_gCodice autore musica SPICS: 28912
_eAutore musica
_pO tempo nao para
_926239
700 _aMeanda Rogerio
_gCodice autore musica SPICS: 28913
_eAutore musica
_pO nosso amor a gente inventa
_926240
700 _aReboucas
_gCodice autore testo/musica SPICS: 28914
_eAutore testo/musica
_pO nosso amor a gente inventa
_926241
700 _aLeoni
_gCodice autore testo/musica SPICS: 28915
_eAutore testo/musica
_pExagerado
_926242
700 _aLadeira Renato
_gCodice autore musica SPICS: 28916
_eAutore musica
_pFaz parte do meus show
_926243
942 _cMD
_2ddc